Mine
Zapisane w:
| 1. autor: | |
|---|---|
| Format: | Książka |
| Język: | Undetermined |
| Wydane: |
New York, Estados Unidos
Grossman Publishes
1974
|
| Hasła przedmiotowe: | |
| Etykiety: |
Dodaj etykietę
Nie ma etykietki, Dołącz pierwszą etykiete!
|
MARC
| LEADER | 00000nam a2200000Ia 4500 | ||
|---|---|---|---|
| 008 | 170316s9999 xx 000 0 und d | ||
| 040 | |a cru BVZT | ||
| 090 | |a 810 J-6m | ||
| 100 | |a Jeffery, Ransom; Keeble, John | ||
| 245 | |a Mine | ||
| 260 | |a New York, Estados Unidos | ||
| 260 | |b Grossman Publishes | ||
| 260 | |c 1974 | ||
| 300 | |a 280 páginas | ||
| 650 | |a LITERATURA ESTADOUNIDENSE | ||
| 999 | |c 5799 |d 5799 | ||
| 942 | |c 15 D |h 810 J-6m |2 z | ||
